Optimálne umiestnenie skladových a recyklačných centier/ zberných miest bakalárska práca

Gespeichert in:
Bibliographische Detailangaben
1. Verfasser: Letková, Lucia
Körperschaft: Fakulta hospodárskej informatiky EU. Katedra operačného výskumu a ekonometrie
Weitere Verfasser: Hollá, Anna
Format: Buch
Sprache:Slowakisch
Veröffentlicht: Bratislava 2011
Tags: Tag hinzufügen
Keine Tags, Fügen Sie das erste Tag hinzu!

MARC

LEADER 00000nbm a2200000 4500
001 0141170
005 20161109111739.6
041 0 |a slo 
044 |a SK 
245 1 0 |a Optimálne umiestnenie skladových a recyklačných centier/ zberných miest  |b bakalárska práca  |c Lucia Letková ; školiteľ: Anna Hollá 
264 1 |a Bratislava  |c 2011 
300 |a 40 s. 
100 1 |a Letková, Lucia 
700 1 |a Hollá, Anna 
710 2 |a Fakulta hospodárskej informatiky EU. Katedra operačného výskumu a ekonometrie